000 00948nmm a2200289 a 4500
001 ocm0001916618
003 TR-IsHL
005 20201028174033.0
008 180921s2018 tu tur
007 cr cn
020 _a9789752441941
035 _a1916618
_b(N$T)
050 0 4 _aPL248.Ü87
_bK3 2018
090 0 4 _aPL248.Ü87
_bK3 2018
100 1 _aÜstündağ, Ersagun
245 1 0 _aKalbi kırık cümleler: acıyla yoğrulmuş sözcüklerin gözyaşları
_h[electronic resource] /
_cErsagun Üstündağ ; editör Kader Güneş
250 _a1. Baskı
260 _aİstanbul :
_bAZ Kitap,
_c2018
300 _a97 p.
650 4 _aDil ve Edebiyat
650 4 _aLanguage and Literature
650 0 _aTürk şiiri
650 0 _aTurkish poetry
650 7 _aPOETRY / Middle Eastern
_2bisacsh
700 1 _aGüneş, Kader
856 4 0 _uhttp://search.ebscohost.com/login.aspx?direct=true&scope=site&db=e011xww&AN=1916618
999 _c17985
_d17985